[Event "Manhattan March Int"]
[Site "New York"]
[Date "1999.03.14"]
[Round "8"]
[White "Shahade, Gregory P"]
[Black "Waitzkin, Joshua"]
[Result "1-0"]
[WhiteElo "2386"]
[BlackElo "2467"]
[PlyCount "103"]
[EventDate "1999.03.05"]
[EventType "tourn"]
[EventRounds "9"]
[EventCountry "USA"]
[EventCategory "10"]
[SourceTitle "CBM 070"]
[Source "ChessBase"]
[SourceDate "1999.06.08"]
[SourceVersion "1"]
[SourceVersionDate "1999.06.08"]
[SourceQuality "1"]

1. e4 c5 2. Nf3 e6 3. d4 cxd4 4. Nxd4 a6 5. Nc3 b5 6. Bd3 Qb6 7. Nb3 Qc7 8. 0-0 Bb7 9. Be3 Nf6 10. a3 Be7 11. f4 d6 12. Qe2 Nbd7 13. Rad1 0-0 14. Kh1 Rac8 15. Bg1 e5 16. fxe5 dxe5 17. a4 b4 18. Nb1 a5 19. N1d2 Bc6 20. Ra1 Ra8 21. Nc4 Rfc8 22. Nbd2 Bc5 23. b3 Bxg1 24. Kxg1 Nc5 25. Qe3 Nfd7 26. Qg3 Nxd3 27. cxd3 Re8 28. Ne3 Qd6 29. Qxg7+ Kxg7 30. Nf5+ Kg8 31. Nxd6 Rf8 32. Rac1 Ra6 33. Nf5 Kh8 34. Rc2 Nb8 35. Nc4 f6 36. Rcf2 Be8 37. Rc1 Bg6 38. Ncd6 Ra7 39. Rfc2 Bxf5 40. Nxf5 Rd7 41. Rc8 Rdd8 42. Rxd8 Rxd8 43. Rc7 Kg8 44. Kf2 Na6 45. Rc6 Ra8 46. Ne3 Kf7 47. g4 Ra7 48. Nd5 Kg7 49. Ke3 Nb8 50. Rxf6 Rd7 51. Re6 Rf7 52. Rxe5 1-0

[Event "Manhattan March Int"]
[Site "New York"]
[Date "1999.03.06"]
[Round "2"]
[White "Negulescu, Adrian"]
[Black "Waitzkin, Joshua"]
[Result "1-0"]
[WhiteElo "2452"]
[BlackElo "2467"]
[PlyCount "56"]
[EventDate "1999.03.05"]
[EventType "tourn"]
[EventRounds "9"]
[EventCountry "USA"]
[EventCategory "10"]
[SourceTitle "CBM 070"]
[Source "ChessBase"]
[SourceDate "1999.06.08"]
[SourceVersion "1"]
[SourceVersionDate "1999.06.08"]
[SourceQuality "1"]

1. e4 c5 2. Nf3 e6 3. b3 b6 4. Bb2 Bb7 5. Nc3 a6 6. d4 cxd4 7. Nxd4 d6 8. Qe2 Nf6 9. 0-0-0 Qc7 10. g4 Be7 11. g5 Nfd7 12. Rg1 b5 13. Kb1 0-0 14. Qh5 g6 15. Qh3 Nc5 16. b4 Nxe4 17. Nxe4 Bxe4 18. Rg4 d5 19. f3 e5 20. fxe4 exd4 21. exd5 f5 22. d6 Bxd6 23. Rgxd4 Be5 24. Qb3+ Qf7 25. Qe3 Nc6 26. Rd7 Qe8 27. Bg2 Bxb2 28. Qb3+ Kh8 1-0

[Event "Mermaid Beach Club"]
[Site "Bermuda"]
[Date "1999.01.26"]
[Round "6"]
[White "Waitzkin, Joshua"]
[Black "Thorhallsson, Throstur"]
[Result "1-0"]
[WhiteElo "2467"]
[BlackElo "2499"]
[PlyCount "107"]
[EventDate "1999.01.21"]
[EventType "tourn"]
[EventRounds "13"]
[EventCountry "BER"]
[EventCategory "9"]
[SourceTitle "CBM 069"]
[Source "ChessBase"]
[SourceDate "1999.04.01"]
[SourceVersion "1"]
[SourceVersionDate "1999.04.01"]
[SourceQuality "1"]

1. e4 e6 2. d4 d5 3. Nc3 Nf6 4. e5 Nfd7 5. Nce2 c5 6. c3 Nc6 7. f4 b5 8. a3 a5 9. Nf3 Ba6 10. h4 b4 11. h5 Be7 12. f5 exf5 13. Ng3 Bxf1 14. Kxf1 Nf8 15. Nxf5 Ne6 16. h6 g6 17. Ng7+ Kf8 18. axb4 cxb4 19. Kg1 Qd7 20. Nxe6+ Qxe6 21. Bg5 Ke8 22. Qd2 Kd7 23. Rf1 Rhf8 24. Bxe7 Qxe7 25. Ng5 bxc3 26. bxc3 f6 27. exf6 Rxf6 28. Rxf6 Qxf6 29. Nxh7 Qf5 30. Ng5 a4 31. h7 Rh8 32. Kh2 Na5 33. Kg3 a3 34. Qf4 Qxf4+ 35. Kxf4 Rf8+ 36. Kg4 Nb3 37. Nf7 a2 38. h8Q Rxh8 39. Nxh8 a1Q 40. Rxa1 Nxa1 41. Nxg6 Nc2 42. Nf4 Kd6 43. Kh5 Ne3 44. g4 Nd1 45. Ne2 Ne3 46. g5 Ke6 47. Kg6 Ng2 48. Kh7 Ne3 49. g6 Kf5 50. g7 Ng4 51. g8Q Nf6+ 52. Kh8 Nxg8 53. Kxg8 Ke4 54. Kf7 1-0

[Event "Fan Adams Int"]
[Site "New York "]
[Date "1999.??.??"]
[Round "1"]
[White "Burnett, Ronald"]
[Black "Waitzkin, Joshua"]
[Result "1/2-1/2"]
[WhiteElo "2420"]
[BlackElo "2465"]
[PlyCount "127"]
[EventDate "1999.06.??"]
[EventType "schev"]
[EventRounds "6"]
[EventCountry "USA"]
[SourceTitle "EXT 2000"]
[Source "ChessBase"]
[SourceDate "1999.11.16"]
[SourceVersion "1"]
[SourceVersionDate "1999.11.16"]
[SourceQuality "1"]

1. e4 c5 2. Nf3 e6 3. b3 b6 4. Bb2 Bb7 5. Nc3 a6 6. Qe2 Nc6 7. 0-0-0 Qc7 8. Kb1 Nd4 9. Qe3 Nxf3 10. gxf3 Ne7 11. f4 Nc6 12. Rg1 0-0-0 13. Ne2 Rg8 14. Qh3 h6 15. f5 Kb8 16. Rg3 g6 17. fxg6 Rxg6 18. Qh5 Rxg3 19. hxg3 d5 20. exd5 Rxd5 21. Qh4 Rd7 22. Bg2 Ka7 23. Qf6 Qd8 24. Qxd8 Rxd8 25. Bf6 Rd7 26. d3 Nb4 27. Bxb7 Kxb7 28. Rh1 Nd5 29. Bb2 f5 30. a3 Kc6 31. c4 Nc7 32. Nf4 Rh7 33. Re1 Kd7 34. Be5 Bd6 35. Kc2 Bxe5 36. Rxe5 Kd6 37. Re1 Rf7 38. Kc3 Re7 39. Rh1 Rh7 40. b4 Rh8 41. Ng6 Rh7 42. bxc5+ bxc5 43. Rb1 Kc6 44. Ne5+ Kd6 45. f4 Rg7 46. Rb6+ Ke7 47. Rc6 Kd8 48. Rxc5 Rxg3 49. Rc6 Kc8 50. Kd4 h5 51. Kc5 h4 52. Rb6 h3 53. Nc6 Kd7 54. Rb8 e5 55. Nxe5+ Ke7 56. Kc6 Ne6 57. Rb7+ Kf8 58. Rh7 Nxf4 59. d4 Kg8 60. Rh4 Ng2 61. Rh5 Nf4 62. Rh4 Ng2 63. Rh5 Nf4 64. Rh4 1/2-1/2

[Event "Marshall CC Winter"]
[Site "New York"]
[Date "1998.12.16"]
[Round "5"]
[White "Kacheishvili, Giorgi"]
[Black "Waitzkin, Joshua"]
[Result "1/2-1/2"]
[WhiteElo "2510"]
[BlackElo "2480"]
[PlyCount "34"]
[EventDate "1998.12.??"]
[EventType "tourn"]
[EventRounds "9"]
[EventCountry "USA"]
[EventCategory "7"]
[SourceTitle "EXT 2000"]
[Source "ChessBase"]
[SourceDate "1999.11.16"]
[SourceVersion "1"]
[SourceVersionDate "1999.11.16"]
[SourceQuality "1"]

1. Nf3 d5 2. g3 c6 3. Bg2 Bg4 4. b3 Nd7 5. Bb2 Ngf6 6. d3 e6 7. Nbd2 Be7 8. h3 Bh5 9. 0-0 0-0 10. e3 a5 11. a3 h6 12. Qe1 Ne8 13. e4 Nc7 14. e5 b5 15. Qe3 c5 16. a4 bxa4 17. Rxa4 Nb6 1/2-1/2

[Event "New York Manhattan"]
[Site "New York"]
[Date "1998.10.15"]
[Round "8"]
[White "Waitzkin, Joshua"]
[Black "Ashley, Maurice"]
[Result "1/2-1/2"]
[WhiteElo "2480"]
[BlackElo "2490"]
[PlyCount "73"]
[EventDate "1998.10.??"]
[EventType "tourn"]
[EventRounds "9"]
[EventCountry "USA"]
[EventCategory "8"]
[SourceTitle "EXT 1999"]
[Source "ChessBase"]
[SourceDate "1998.11.16"]
[SourceVersion "1"]
[SourceVersionDate "1998.11.16"]
[SourceQuality "1"]

1. e4 c5 2. Nf3 d6 3. d4 Nf6 4. Nc3 cxd4 5. Nxd4 a6 6. Be2 g6 7. 0-0 Bg7 8. Re1 0-0 9. Bf1 Nc6 10. Nb3 Bd7 11. Nd5 Rc8 12. Bg5 Nxd5 13. exd5 Ne5 14. c3 Re8 15. Re4 a5 16. a4 h6 17. Bc1 e6 18. dxe6 Bxe6 19. Bb5 Re7 20. h3 Nc6 21. Re2 Qc7 22. Bf4 Ne5 23. Nd4 Bc4 24. Rd2 Rd8 25. Qc2 d5 26. Bg3 Bxb5 27. axb5 Bf6 28. Qa4 Rde8 29. Nb3 Qc4 30. Bxe5 Rxe5 31. Qxc4 dxc4 32. Nxa5 Ra8 33. Rdd1 Rc5 34. Nxb7 Rxa1 35. Rxa1 Rxb5 36. Ra6 Bg7 37. Ra8+ 1/2-1/2

[Event "London Agency"]
[Site "London"]
[Date "1998.06.20"]
[Round "6"]
[White "McDonald, Neil R"]
[Black "Waitzkin, Joshua"]
[Result "1/2-1/2"]
[WhiteElo "2485"]
[BlackElo "2465"]
[PlyCount "101"]
[EventDate "1998.06.15"]
[EventType "tourn"]
[EventRounds "9"]
[EventCountry "ENG"]
[EventCategory "9"]
[SourceTitle "CBM 066"]
[Source "ChessBase"]
[SourceDate "1998.09.30"]
[SourceVersion "1"]
[SourceVersionDate "1998.09.30"]
[SourceQuality "1"]

1. e4 d5 2. exd5 Qxd5 3. Nc3 Qa5 4. Nf3 Nf6 5. h3 c6 6. g3 g6 7. Bg2 Bg7 8. 0-0 0-0 9. Re1 Re8 10. Ne5 Be6 11. b4 Qc7 12. b5 Nd5 13. Bb2 Nd7 14. Nxd5 Bxd5 15. bxc6 bxc6 16. Nd3 Bxb2 17. Nxb2 Qd6 18. Nd3 e5 19. a4 Rab8 20. a5 c5 21. Bxd5 Qxd5 22. Re3 c4 23. Ne1 Re6 24. Ng2 Nc5 25. Qe2 Rb4 26. Re1 Nd7 27. f4 exf4 28. Rxe6 Qxe6 29. Qxe6 fxe6 30. Nxf4 e5 31. Nd5 Rb5 32. Ne3 c3 33. dxc3 Rxa5 34. Rd1 Nb6 35. Rd8+ Kf7 36. Rb8 Ke6 37. Kf2 h5 38. Ke2 Nd5 39. Nc4 Rb5 40. Re8+ Kf6 41. Kd3 Ne7 42. Ne3 Rc5 43. c4 Kf7 44. Ra8 Nc8 45. Kc3 Ke6 46. Kb4 Kd6 47. Nd5 Rc6 48. Rb8 Nb6 49. Rd8+ Ke6 50. Re8+ Kf7 51. Rxe5 1/2-1/2

[Event "London Agency"]
[Site "London"]
[Date "1998.06.17"]
[Round "3"]
[White "Waitzkin, Joshua"]
[Black "Rowson, Jonathan"]
[Result "0-1"]
[WhiteElo "2465"]
[BlackElo "2485"]
[PlyCount "106"]
[EventDate "1998.06.15"]
[EventType "tourn"]
[EventRounds "9"]
[EventCountry "ENG"]
[EventCategory "9"]
[SourceTitle "CBM 066"]
[Source "ChessBase"]
[SourceDate "1998.09.30"]
[SourceVersion "1"]
[SourceVersionDate "1998.09.30"]
[SourceQuality "1"]

1. e4 c5 2. Nf3 d6 3. d4 Nf6 4. Nc3 cxd4 5. Nxd4 a6 6. g3 e5 7. Nde2 Nbd7 8. a4 b6 9. Bg2 Bb7 10. h3 Rc8 11. 0-0 h5 12. Nd5 Nxd5 13. exd5 Qc7 14. Nc3 g6 15. Bg5 Bg7 16. Re1 0-0 17. g4 hxg4 18. Qxg4 Rce8 19. Bd2 Nf6 20. Qb4 Rb8 21. Bf3 Bc8 22. Qh4 Bf5 23. Rac1 Rfe8 24. Bg5 Nh7 25. Bh6 Bf6 26. Qg3 Qd8 27. Bg4 Kh8 28. Qf3 Bg5 29. Bxg5 Nxg5 30. Qg3 Bxg4 31. hxg4 e4 32. Kg2 Qf6 33. Re3 Re5 34. Rh1+ Kg8 35. Qh4 Qg7 36. Qh6 Qxh6 37. Rxh6 Rf8 38. Kg3 Kg7 39. Rh1 f5 40. gxf5 gxf5 41. Kf4 Nf3 42. Rh3 Rf6 43. Rh5 Rf8 44. Re2 Rf7 45. Rh3 Rf6 46. Re3 Rg6 47. Rg3 Nh4 48. Re2 Ng2+ 49. Rxg2 Rxg2 50. Ke3 Kf6 51. Kd4 Rg4 52. Ke3 Re7 53. Re1 Rh7 0-1

[Event "London Agency"]
[Site "London"]
[Date "1998.06.15"]
[Round "1"]
[White "Waitzkin, Joshua"]
[Black "Burnett, Ronald"]
[Result "0-1"]
[WhiteElo "2465"]
[BlackElo "2400"]
[PlyCount "82"]
[EventDate "1998.06.15"]
[EventType "tourn"]
[EventRounds "9"]
[EventCountry "ENG"]
[EventCategory "9"]
[SourceTitle "CBM 066"]
[Source "ChessBase"]
[SourceDate "1998.09.30"]
[SourceVersion "1"]
[SourceVersionDate "1998.09.30"]
[SourceQuality "1"]

1. e4 g6 2. d4 Bg7 3. Nc3 d6 4. Be3 a6 5. Bd3 b5 6. Nf3 Bb7 7. e5 Nd7 8. e6 fxe6 9. Ng5 Nf8 10. 0-0 Qd7 11. Re1 Nh6 12. a4 b4 13. Nce4 Nf5 14. Qf3 Rb8 15. c3 h6 16. Nh3 Nh7 17. Qg4 Kf7 18. Nf4 g5 19. Nh5 Nf6 20. Nexf6 exf6 21. Bd2 bxc3 22. bxc3 Bc6 23. Re2 Nh4 24. f4 f5 25. Qg3 Bf8 26. fxg5 hxg5 27. Qxg5 Qe7 28. Ng3 Qxg5 29. Bxg5 Nxg2 30. Bc4 d5 31. Bxa6 Nh4 32. Bxh4 Rxh4 33. Bd3 f4 34. Nf1 Bd6 35. a5 e5 36. dxe5 Bc5+ 37. Kh1 d4+ 38. Be4 f3 39. e6+ Ke7 40. Bxc6 fxe2 41. Ng3 d3 0-1

[Event "Europe-Americas"]
[Site "Mermaid Beach"]
[Date "1998.01.27"]
[Round "2"]
[White "Bezold, Michael"]
[Black "Waitzkin, Joshua"]
[Result "0-1"]
[WhiteElo "2490"]
[BlackElo "2465"]
[PlyCount "84"]
[EventDate "1998.01.26"]
[EventType "schev"]
[EventRounds "10"]
[EventCountry "BER"]
[SourceTitle "CBM 062 Extra"]
[Source "ChessBase"]
[SourceDate "1998.03.09"]
[SourceVersion "1"]
[SourceVersionDate "1998.03.09"]
[SourceQuality "1"]

1. c4 c6 2. Nc3 d5 3. e3 Nf6 4. Nf3 e6 5. b3 Nbd7 6. Qc2 Be7 7. Bb2 b6 8. Be2 Bb7 9. 0-0 0-0 10. Rac1 Rc8 11. Qb1 c5 12. cxd5 Nxd5 13. Ne4 N7f6 14. Ng3 h6 15. Qa1 a6 16. Ne5 Nb4 17. Rfd1 Rc7 18. f4 Qc8 19. Qb1 Qa8 20. a3 Nc6 21. f5 Nd8 22. Bf3 Bxf3 23. gxf3 Nh7 24. Qe4 Qc8 25. f4 Bh4 26. fxe6 Qxe6 27. Qc4 Bxg3 28. hxg3 Qh3 29. Kf2 Qh2+ 30. Kf3 Ne6 31. Qf1 Nhg5+ 32. fxg5 Nxg5+ 33. Kf4 Re8 34. Qh1 Qf2+ 35. Kg4 Rce7 36. Rf1 Qxd2 37. Bc3 Qxe3 38. Rfe1 Qf2 39. Qg1 Qf6 40. Qf1 h5+ 41. Kxh5 Nf3 42. Kg4 Nh2+ 0-1

[Event "World op 26th"]
[Site "Philadelphia"]
[Date "1998.??.??"]
[Round "7"]
[White "Curdo, John"]
[Black "Waitzkin, Joshua"]
[Result "0-1"]
[WhiteElo "2305"]
[BlackElo "2465"]
[PlyCount "64"]
[EventDate "1998.06.27"]
[EventType "swiss"]
[EventRounds "9"]
[EventCountry "USA"]
[SourceTitle "EXT 1999"]
[Source "ChessBase"]
[SourceDate "1998.11.16"]
[SourceVersion "1"]
[SourceVersionDate "1998.11.16"]
[SourceQuality "1"]

1. e4 c5 2. Nf3 d6 3. Bb5+ Bd7 4. Bxd7+ Qxd7 5. 0-0 Nc6 6. c3 Nf6 7. d4 Nxe4 8. d5 Ne5 9. Re1 Nxf3+ 10. Qxf3 Nf6 11. c4 e5 12. dxe6 fxe6 13. Nc3 Be7 14. Bg5 0-0-0 15. a3 h6 16. Bh4 Kb8 17. b4 Rc8 18. Bg3 e5 19. Rab1 Qg4 20. Qxg4 Nxg4 21. f4 cxb4 22. Nd5 Bd8 23. axb4 Rxc4 24. fxe5 Nxe5 25. Bxe5 dxe5 26. Rxe5 Bg5 27. Rf1 Rd8 28. g3 Rd4 29. Nc3 Rxb4 30. Ne4 Be3+ 31. Kg2 Bd4 32. Re7 a5 0-1

[Event "Bayern-chI Bank Hofmann 1st"]
[Site "Bad Wiessee"]
[Date "1997.11.21"]
[Round "7"]
[White "Waitzkin, Joshua"]
[Black "Saathoff, Richard"]
[Result "1-0"]
[WhiteElo "2435"]
[BlackElo "2130"]
[PlyCount "83"]
[EventDate "1997.11.15"]
[EventType "swiss"]
[EventRounds "9"]
[EventCountry "GER"]
[SourceTitle "CBM 061 Extra"]
[Source "ChessBase"]
[SourceDate "1998.03.09"]
[SourceVersion "1"]
[SourceVersionDate "1998.03.09"]
[SourceQuality "1"]

1. e4 e5 2. Nf3 Nc6 3. Bc4 Bc5 4. c3 Nf6 5. d3 a6 6. 0-0 Ba7 7. Bb3 d6 8. Re1 0-0 9. h3 Be6 10. Nbd2 Nd7 11. Nf1 Bxb3 12. Qxb3 Nc5 13. Qc2 d5 14. Rd1 Ne6 15. Qb3 Nc5 16. Qc2 Ne6 17. Be3 d4 18. Bc1 dxc3 19. bxc3 Qd6 20. Ne3 Rfe8 21. Nd5 Kh8 22. Be3 Bxe3 23. fxe3 Nc5 24. Qf2 f6 25. Qh4 Rad8 26. Rf1 Rf8 27. Rad1 Rde8 28. g4 Ne7 29. Nxe5 fxe5 30. Rxf8+ Rxf8 31. Nxe7 Re8 32. Nd5 c6 33. Nb6 Qc7 34. Nc4 b5 35. Nb2 Qa5 36. Qh5 g6 37. Qg5 Qxc3 38. Qf6+ Kg8 39. Rf1 Ra8 40. Qf7+ Kh8 41. Qe7 Rg8 42. Nd1 1-0

[Event "Budapest FS10 IM-A"]
[Site "Budapest"]
[Date "1997.10.14"]
[Round "10"]
[White "Bilek, Istvan"]
[Black "Waitzkin, Joshua"]
[Result "1-0"]
[WhiteElo "2370"]
[BlackElo "2435"]
[PlyCount "119"]
[EventDate "1997.10.05"]
[EventType "tourn"]
[EventRounds "13"]
[EventCountry "HUN"]
[EventCategory "7"]
[SourceTitle "CBM 061 Extra"]
[Source "ChessBase"]
[SourceDate "1998.03.09"]
[SourceVersion "1"]
[SourceVersionDate "1998.03.09"]
[SourceQuality "1"]

1. g3 d5 2. Nf3 c6 3. Bg2 Bg4 4. d3 Nd7 5. Nbd2 Ngf6 6. c4 e6 7. 0-0 Be7 8. b3 0-0 9. Bb2 a5 10. a3 Re8 11. Qc2 Bh5 12. h3 h6 13. Rfe1 Qb6 14. Qc3 e5 15. e3 Bg6 16. Rac1 Rad8 17. cxd5 cxd5 18. Kh2 Bd6 19. Red1 Nc5 20. Bf1 Re7 21. b4 axb4 22. axb4 Na4 23. Qb3 Nxb2 24. Qxb2 Qxb4 25. Qa1 b5 26. d4 Nd7 27. Rc6 Bb8 28. Qa2 exd4 29. Rxg6 fxg6 30. Qxd5+ Kh7 31. Nxd4 Rf8 32. Kg2 Qa4 33. Rb1 b4 34. Bb5 Qa7 35. Rxb4 Ref7 36. Ne4 Nf6 37. Nxf6+ Rxf6 38. Rb2 Qc7 39. f4 Qc3 40. Re2 Rd6 41. Qe4 Qc5 42. Bd3 Qd5 43. h4 Qxe4+ 44. Bxe4 Re8 45. Kf3 Kh8 46. Rc2 Rf6 47. g4 g5 48. hxg5 hxg5 49. Nf5 gxf4 50. Rh2+ Rh6 51. Nxh6 gxh6 52. Rxh6+ Kg7 53. Rg6+ Kf7 54. Rb6 Ba7 55. Bd5+ Kf8 56. Rf6+ Kg7 57. Rf7+ Kh8 58. Rxa7 Rxe3+ 59. Kxf4 Re4+ 60. Bxe4 1-0

[Event "Budapest FS10 IM-A"]
[Site "Budapest"]
[Date "1997.10.05"]
[Round "1"]
[White "Waitzkin, Joshua"]
[Black "Mikhalevski, Alexander"]
[Result "1/2-1/2"]
[WhiteElo "2435"]
[BlackElo "2470"]
[PlyCount "41"]
[EventDate "1997.10.05"]
[EventType "tourn"]
[EventRounds "13"]
[EventCountry "HUN"]
[EventCategory "7"]
[SourceTitle "CBM 061 Extra"]
[Source "ChessBase"]
[SourceDate "1998.03.09"]
[SourceVersion "1"]
[SourceVersionDate "1998.03.09"]
[SourceQuality "1"]

1. e4 e5 2. Nf3 Nc6 3. Nc3 Nf6 4. g3 d5 5. exd5 Nxd5 6. Bg2 Nxc3 7. bxc3 Bc5 8. 0-0 0-0 9. Re1 Qf6 10. d3 h6 11. Rb1 Bb6 12. Qe2 Bd7 13. Nd2 Rfe8 14. Ne4 Qg6 15. Ba3 Bg4 16. Qd2 Rad8 17. Nc5 Bc8 18. Na4 Be6 19. Nc5 Bc8 20. Na4 Be6 21. Nc5 1/2-1/2